000 00523nam a2200193 a 4500
005 20260427164213.0
008 260416s2026##################000#0#eng##
020 _a9780406851215
_qhbk
041 _aeng
082 0 4 _a348.42 ALL.2
100 _aHarrison G,R.N
245 1 0 _aThe All England Law Reports
_cR.N.G Harrison
_b1978
260 _aUnited kingdom
_bButterworths
_c2003
300 _a1184p. :
_c22cm.
490 _vvol 2
650 _aLaws, regulations & cases
700 _aShockett,Wendy
942 _cENGLISH
999 _c619539
_d619539